000 01155cam a2200289 a 4500
999 _c8699
_d8699
001 2597966
003 GBCCL
005 20241126110656.0
008 970616s1997 oru b 001 0 eng
010 _a 97022501
020 _a1576731480 (alk. paper)
040 _aDLC
_cDLC
_dDLC
050 0 0 _aBT1211
_b.K46 1997
082 0 0 _a239
_221
_bKEN
100 1 _aKennedy, D. James
_q(Dennis James),
_d1930-2007.
_93404
245 1 0 _aSkeptics answered :
_bhandling tough questions about the Christian faith /
_cD. James Kennedy.
260 _aSisters, Or. :
_bMultnomah Books,
_cc1997.
300 _a203 p. ;
_c25 cm.
504 _aIncludes bibliographical references (p. 189-193) and index.
650 0 _aApologetics.
_985
650 0 _aSkepticism.
_915353
856 4 2 _3Contributor biographical information
_uhttp://www.loc.gov/catdir/enhancements/fy0729/97022501-b.html
856 4 2 _3Publisher description
_uhttp://www.loc.gov/catdir/enhancements/fy0729/97022501-d.html
906 _a7
_bcbc
_corignew
_d1
_eocip
_f19
_gy-gencatlg
942 _2ddc
_cBK
_016